000 00874nam a22002057a 4500
005 2011101309159.0
008 111013t xxu||||| |||| 00| 0 eng d
010 _aENG-103963
020 _c45.00
035 _aEN-87496
037 _bDBAD/PUB
040 _aDPL
_bEng
082 _a346.0820954
245 _aThe State Bank Of India act, 1955 (23 of 1955) as amended by the State Bank of India (amendment) act, 2010 (27 of 2010) with short notes
_heng
260 _aDelhi
_bUniversal Law Publishing
_c2011
270 _aC-FF-1A, Dilkhush Industrial Estate, (Opp. Hans Cinema, Azadpur) G.T. Karnal Road,
_bDelhi
_e110033
300 _axiii,43,5p.
_c24cm (pbk)
942 _2ddc
_cEN
_h346.0820954
_mSTA
999 _c57582
_d57582